000 00337nam a2200133Ia 4500
008 240624s9999 xx 000 0 und d
041 _aeng
082 _a320 NEU
100 _aNEUMAYR GEORGE
245 _aPOLITICAL POPE HOW POPE FRANCIS IS DELIG
260 _c2017
_aNew York
_bCenter Street
300 _a277 p.; 24 cm.
365 _cRS
999 _c29189
_d29189